Welcome to the Holygrace Academy Library

Please use search bar below to get started

KARNA (Record no. 7449)

MARC details
000 -LEADER
fixed length control field 00251nam a22001217a 4500
082 ## - DEWEY DECIMAL CLASSIFICATION NUMBER
Classification number 823
Item number PAI/K
100 ## - MAIN ENTRY--AUTHOR NAME
Personal name PAI, ANAND
245 ## - TITLE STATEMENT
Title KARNA
260 ## - PUBLICATION, DISTRIBUTION, ETC. (IMPRINT)
Place of publication BOMBAY
Name of publisher INDIA BOOK HOUSE
Year of publication 1994
300 ## - PHYSICAL DESCRIPTION
Number of Pages 16
650 ## - SUBJECT ADDED ENTRY--TOPICAL TERM
Topical Term ENGLISH STORY
Geographic subdivision INDIA
942 ## - ADDED ENTRY ELEMENTS (KOHA)
Koha item type Books
Holdings
Withdrawn status Lost status Collection code Home library Current library Date acquired Source of acquisition Cost, normal purchase price Full call number Accession Number Koha item type
Withdrawn Damaged Item Fiction Main Library Main Library 07/03/2002 purchase 10.00 823 PAI/K 00543 Books
Withdrawn Damaged Item Fiction Main Library Main Library 01/10/2012     823 PAI/K 06416 Books